Loading...
| Science - Other | 0 | 5 | 1 | 0 | 45 | 83 | 102.60 | 0 | 3 | 0.00 | 0.00 |
| Science - Physics | 0 | 4 | 1 | 2 | 35 | 64 | 104.50 | 1 | 4 | 0.00 | 0.00 |
| Philosophy | 0 | 2 | 0 | 1 | 20 | 116 | 131.00 | 0 | 0 | 0.00 | 0.00 |
| Pop Culture | 0 | 2 | 0 | 0 | 20 | 45 | 45.00 | 0 | 1 | 0.00 | 0.00 |
| Religion | 0 | 2 | 0 | 0 | 20 | 93 | 96.50 | 1 | 2 | 0.00 | 0.00 |
| Science - Chemistry | 0 | 3 | 3 | 0 | 15 | 100 | 109.67 | 1 | 2 | 0.00 | 0.00 |
| Science - Biology | 0 | 3 | 3 | 0 | 15 | 72 | 81.33 | 1 | 3 | 0.00 | 0.00 |
| Social Science | 0 | 1 | 0 | 0 | 10 | 126 | 126.00 | 0 | 0 | 0.00 | 0.00 |
| History - World | 0 | 1 | 0 | 1 | 10 | 128 | 128.00 | 0 | 0 | 0.00 | 0.00 |
| Mythology | 0 | 1 | 0 | 0 | 10 | 84 | 84.00 | 0 | 1 | 0.00 | 0.00 |
| History - American | 0 | 1 | 1 | 0 | 5 | 64 | 64.00 | 0 | 1 | 0.00 | 0.00 |